000 00394pab a2200145 454500
008 180718b1998 xxu||||| |||| 00| 0 eng d
100 _aShyam Chandra
245 _aWorker's education for HRD: the need of the country during 21st century A.D.
260 _c1998
300 _ap.1-3
362 _a13 Apr
650 _aHuman resources development
773 _aUniversity News
909 _a37007
999 _c37007
_d37007